000 00255nam a2200109Ia 4500
999 _c7256
_d7256
020 _a978-0133878691
100 _aWheelen, Hunger
245 0 _aStrategic Management And Business Policy
260 _aUSA
_bPrentice Hall
_c1995
300 _a1217
942 _cBK